logo

Bir Sreshtho Munshi Abdur Rouf Library
Jhenaidah Cadet College

Arctic dreams : (Record no. 9781)

MARC details
000 -LEADER
fixed length control field 00877pam a2200289 a 4500
001 - CONTROL NUMBER
JCCL Control Number 9781
003 - CONTROL NUMBER IDENTIFIER
JCCL marc code BD-JhCC
005 - DATE AND TIME OF LATEST TRANSACTION
control field 20180329122409.0
008 - FIXED-LENGTH DATA ELEMENTS--GENERAL INFORMATION
fixed length control field 180329s1986 nyub b 001 0 eng
020 ## - INTERNATIONAL STANDARD BOOK NUMBER
International Standard Book Number 0684185784
035 ## - SYSTEM CONTROL NUMBER
system control number (BD-JhCC)9781
040 ## - CATALOGING SOURCE
Original cataloging agency DLC
Transcribing agency DLC
Modifying agency DLC
-- BD-JhCC
041 ## - LANGUAGE CODE
Language code of Book eng
050 00 - LIBRARY OF CONGRESS CALL NUMBER
Classification number QH84.1
Item number .L67 1986
082 00 - DEWEY DECIMAL CLASSIFICATION NUMBER
Classification number 508.98
DDC Edition number 19
Author mark and Year LOP 1986
100 1# - MAIN ENTRY--PERSONAL NAME
Personal name Lopez, Barry Holstun,
Dates associated with a name 1945-
245 10 - TITLE STATEMENT
Title Arctic dreams :
Remainder of title imagination and desire in a northern landscape /
Statement of responsibility, etc Barry Lopez.
260 ## - PUBLICATION, DISTRIBUTION, ETC. (IMPRINT)
Place of publication, distribution, etc New York :
Name of publisher, distributor, etc Scribner,
Date of publication, distribution, etc c1986.
300 ## - PHYSICAL DESCRIPTION
Pagination xxix, 464 p. :
Other physical details maps ;
Dimensions 25 cm.
500 ## - GENERAL NOTE
General note Includes index.
504 ## - BIBLIOGRAPHY, ETC. NOTE
Bibliography, etc Bibliography: p. 445-448.
650 #0 - SUBJECT ADDED ENTRY--TOPICAL TERM
Topical term or geographic name as entry element Natural history
Geographic subdivision Arctic regions.
651 #0 - SUBJECT ADDED ENTRY--GEOGRAPHIC NAME
Geographic name Arctic regions
General subdivision Description and travel.
651 #0 - SUBJECT ADDED ENTRY--GEOGRAPHIC NAME
Geographic name Arctic regions
General subdivision Discovery and exploration.
942 ## - ADDED ENTRY ELEMENTS (KOHA)
Source of classification or shelving scheme Dewey Decimal Classification
Koha item type Books
Holdings
Source of classification or shelving scheme Damaged status Not for loan Home library Current library Shelving location Date of accession Total Checkouts Full call number Barcode Date last seen Copy number Koha item type
Dewey Decimal Classification     JCC Rouf Library JCC Rouf Library General Stacks 03/29/2018   508.98 LOP 1986 13171 03/29/2018 C-1 Books

JCC Library | Contacts | JCC Home

Last Update on 23 September 2017
Copyright @ 2017-2020 JCC Rouf Library
Rouf Library, Jhenidah Cadet College (JCC), Bangladesh